Представление документа в формате RUSMARC

ПолеНазваниеЗначение
  Тип записи a
  Библиографический уровень m
001 Контрольный номер RU/ГПНТБ России/IBIS/84(2Рос=411.2)6/П 42-889112940
005 Дата корректировки 20260618130332.4
010 Индекс ISBN __
a ISBN 978-5-4484-5385-4
b Уточнения в пер.
9 Тираж 1000
100 Данные общей обработки __
a Данные общей обработки 20260618d2025 m y0rusy0250
101 Язык документа 0_
a Язык текста rus
102 Страна публикации __
a Страна публикации RU
105 Кодированные данные (монография) __
a Кодированные данные (монография) y z 000zy
181 Поле кодированных данных: вид содержания _0
a Код вида содержания (ISBD) i
182 Поле кодированных данных: тип средства _0
a Код типа средства (ISBD) n
200 Заглавие и сведения об ответственности 1_
a Заглавие Зорге. Под знаком сакуры
e Сведения, относящиеся к заглавию [роман]
f Первые сведения об ответственности Валерий Поволяев
203 Вид содержания и тип средства __
c Тип средства непосредственный
a Вид содержания Текст
210 Выходные данные 1_
a Место издания Москва
c Издательство Вече
d Дата издания 2025
215 Физическое описание __
a Объем 477, [2] с.
d Формат 21 см
225 Серия 2_
a Серия Библиотека разведки и контрразведки
330 Аннотация __
a Аннотация Рихард Зорге - один из самых великих разведчиков ХХ века. Его имя внесено в список ста мировых знаменитостей, повлиявших на ход мировой истории в прошлом столетии. Наиболее продуктивный период его деятельности - конец 30?х годов, когда он работал в Японии. Зорге удалось сделать то, чего не удалось никому, - отодвинуть японскую военную машину от наших границ на Дальнем Востоке, в результате чего целая армия, хорошо оснащенная и выученная, была переброшена на фронт под Москву. Гитлеровцев разбили у стен столицы.
333 Примечание о целевом назначении __
a Примечание о целевом назначении информационная продукция для детей, достигших возраста двенадцати лет
333 Примечание о целевом назначении __
a Примечание о целевом назначении для взрослых, общего характера
517 Другие варианты заглавия 1_
a Другие варианты заглавия Под знаком сакуры
600 Персоналии _1
a Персоналии (Фамилия) Зорге
b Персоналии (Имя) Р.
g Полное имя Рихард
f Даты 1895-1944
2 Код системы nlr_sh
686 Индексы других классификаций __
2 Код системы rubbk
a Классификационный индекс 84(2Рос=411.2)6
700 Автор _1
a Фамилия Поволяев
b Имя В. Д.
g Полное личное имя Валерий Дмитриевич
f Даты 1940-
4 Код отношения 070
801 Источник записи _0
b Организация ГПНТБ России
a Страна RU
c Дата составления 20260618
801 Источник записи _1
b Организация ГПНТБ России
a Страна RU
c Дата составления 20260618
852 Данные о местонахождении 5_
a Наименование организации ГПНТБ России
m Суффикс шифра хранения 111106166
b Сигла хранения ЦГБ
j Шифр хранения 84(2Рос=411.2)6
p Инвентарный номер RU
899 Данные о местонахождении __
a Местонахождение ГПНТБ России
p Штрих-код 111106166
b Место хранения ЦГБ
h Классификационная часть РШ 84(2Рос=411.2)6
i Авторский знак П 42
901 Тип документа __
a Ответственный заим.